000
00282nam a22001337a 4500
003
SGT
020
_a
8121908280
082
_a
580
_b
VAS
100
_a
VASHISHTA, P.C
245
_a
BOTONY FOR DEGREE STUDENTS
250
_a
1ST
260
_b
S. CHAND & COMPANY
_c
1995
942
_2
ddc
_c
BK
999
_c
16141
_d
16141